[Event "New York Fall IM-D"]
[Site "Long Island City"]
[Date "2022.11.10"]
[Round "2"]
[White "Csonka, Attila Istvan"]
[Black "Goldenberg, Ryan D"]
[Result "1-0"]
[WhiteElo "2321"]
[BlackElo "2268"]
[PlyCount "121"]
[EventDate "2022.11.09"]
[EventType "tourn"]
[EventRounds "9"]
[EventCountry "USA"]
[SourceTitle "CBM 211 Extra"]
[Source "ChessBase"]
[SourceDate "2023.01.31"]
[SourceVersion "1"]
[SourceVersionDate "2023.01.31"]
[SourceQuality "1"]

1. e4 e6 2. d4 d5 3. Nd2 Be7 4. e5 c5 5. c3 Nc6 6. Ngf3 Bd7 7. dxc5 Qc7 8. Nb3 Nxe5 9. Nxe5 Qxe5+ 10. Be2 Nf6 11. Qd4 Qe4 12. f3 Qc2 13. Rg1 Qg6 14. Bf4 Nh5 15. Bd3 Qf6 16. Be5 Qh4+ 17. g3 Qxd4 18. Bxd4 0-0 19. a4 Rfc8 20. Kd2 Nf6 21. Rge1 Kf8 22. f4 h5 23. h3 g6 24. Rh1 Ne4+ 25. Bxe4 dxe4 26. Ke3 f5 27. g4 h4 28. g5 Ke8 29. Rhd1 Rc7 30. Rd2 Bc6 31. Na5 e5 32. Bxe5 Bxc5+ 33. Ke2 Rd7 34. Rxd7 Kxd7 35. Rd1+ Ke6 36. b4 Bxa4 37. Ra1 Bb5+ 38. c4 Bxc4+ 39. Nxc4 Bxb4 40. Bd4 Rc8 41. Ne5 Rc2+ 42. Kf1 a5 43. Nxg6 Rh2 44. Nxh4 Rxh3 45. Ng2 b5 46. g6 a4 47. g7 Kf7 48. Ne3 Bc5 49. Bxc5 Rh1+ 50. Ke2 Rxa1 51. Nxf5 Rc1 52. Bd4 Rc2+ 53. Kd1 Rg2 54. Nh6+ Ke6 55. f5+ Kd5 56. f6 Kxd4 57. f7 Kd3 58. g8Q Rb2 59. Qd8+ Ke3 60. f8Q a3 61. Qxa3+ 1-0

[Event "New York Fall IM-D"]
[Site "Long Island City"]
[Date "2022.11.09"]
[Round "1"]
[White "Tanenbaum, Zachary Chen"]
[Black "Csonka, Attila Istvan"]
[Result "1-0"]
[WhiteElo "2157"]
[BlackElo "2321"]
[PlyCount "55"]
[EventDate "2022.11.09"]
[EventType "tourn"]
[EventRounds "9"]
[EventCountry "USA"]
[SourceTitle "CBM 211 Extra"]
[Source "ChessBase"]
[SourceDate "2023.01.31"]
[SourceVersion "1"]
[SourceVersionDate "2023.01.31"]
[SourceQuality "1"]

1. e4 c5 2. Nf3 e6 3. d4 cxd4 4. Nxd4 Nc6 5. Nc3 Qc7 6. g3 a6 7. Bg2 h5 8. 0-0 h4 9. Re1 hxg3 10. hxg3 Nf6 11. Nxc6 dxc6 12. e5 Nd5 13. Ne4 b5 14. b3 Qxe5 15. Bg5 Be7 16. Nf6+ Bxf6 17. Rxe5 Bxe5 18. c4 Bxa1 19. cxd5 Bf6 20. Bxf6 gxf6 21. dxc6 0-0 22. c7 Ra7 23. Qg4+ Kh7 24. Qh5+ Kg7 25. Qg4+ Kh7 26. Qb4 Kg7 27. Qc5 Rb7 28. Qc6 1-0

[Event "BL2-Sued 2223"]
[Site "Germany"]
[Date "2022.10.23"]
[Round "2.7"]
[White "Csonka, Attila Istvan"]
[Black "Degenhard, Simon"]
[Result "1-0"]
[WhiteElo "2314"]
[BlackElo "2178"]
[PlyCount "101"]
[EventDate "2022.10.22"]
[EventType "team-tourn"]
[EventRounds "9"]
[EventCountry "GER"]
[SourceTitle "EXT 2024"]
[Source "ChessBase"]
[SourceDate "2023.10.10"]
[SourceVersion "1"]
[SourceVersionDate "2023.10.10"]
[SourceQuality "1"]
[WhiteTeam "Speyer Schwegenheim"]
[BlackTeam "Heilbronn"]
[WhiteTeamCountry "GER"]
[BlackTeamCountry "GER"]

1. e4 e5 2. Nf3 Nc6 3. Bc4 Bc5 4. c3 Nf6 5. d3 d6 6. 0-0 0-0 7. a4 a6 8. b4 Ba7 9. Be3 Be6 10. Bxe6 fxe6 11. Bxa7 Rxa7 12. Qb3 Qd7 13. Nbd2 Raa8 14. b5 Ne7 15. d4 exd4 16. Nxd4 d5 17. e5 Ne8 18. Rfb1 a5 19. b6 c5 20. N4f3 c4 21. Qb5 Nc6 22. Re1 Qe7 23. Re3 g6 24. Nd4 Nxd4 25. cxd4 Qb4 26. Nf3 Ng7 27. Rb1 Qxb5 28. Rxb5 Rfc8 29. g4 Rc6 30. Re1 h6 31. Kg2 Ne8 32. Reb1 Ra6 33. Ne1 Kf7 34. Nc2 Ke7 35. Kf3 Ng7 36. Ke2 Kd7 37. Ne3 Rc8 38. f4 Rf8 39. Rc5 Rc8 40. Rbb5 Rxc5 41. dxc5 Ra8 42. Nc2 g5 43. Nd4 gxf4 44. Kf3 h5 45. h3 hxg4+ 46. hxg4 Rh8 47. c6+ bxc6 48. Rxa5 Rb8 49. Ra7+ Ke8 50. a5 c5 51. Rxg7 1-0

[Event "BL2-Sued 2223"]
[Site "Germany"]
[Date "2022.10.22"]
[Round "1.7"]
[White "Gasthofer, Alexander"]
[Black "Csonka, Attila Istvan"]
[Result "1/2-1/2"]
[WhiteElo "2408"]
[BlackElo "2314"]
[PlyCount "31"]
[EventDate "2022.10.22"]
[EventType "team-tourn"]
[EventRounds "9"]
[EventCountry "GER"]
[SourceTitle "EXT 2024"]
[Source "ChessBase"]
[SourceDate "2023.10.10"]
[SourceVersion "1"]
[SourceVersionDate "2023.10.10"]
[SourceQuality "1"]
[WhiteTeam "Bad Mergentheim"]
[BlackTeam "Speyer Schwegenheim"]
[WhiteTeamCountry "GER"]
[BlackTeamCountry "GER"]

1. Nf3 Nc6 2. d4 d5 3. Bf4 Bf5 4. e3 e6 5. Be2 Bd6 6. Bg3 Nf6 7. Nbd2 0-0 8. 0-0 Bxg3 9. hxg3 Qd6 10. Nh4 Be4 11. Nhf3 e5 12. Nxe4 Nxe4 13. Nxe5 Nxe5 14. dxe5 Qxe5 15. Qd4 Qxd4 16. exd4 1/2-1/2

[Event "New York Spring IM-D"]
[Site "New York"]
[Date "2022.04.18"]
[Round "8"]
[White "Csonka, Attila Istvan"]
[Black "Paragua, Mark"]
[Result "1/2-1/2"]
[WhiteElo "2339"]
[BlackElo "2460"]
[PlyCount "21"]
[EventDate "2022.04.14"]
[EventType "tourn"]
[EventRounds "9"]
[EventCountry "USA"]
[SourceTitle "CBM 207 Extra"]
[Source "ChessBase"]
[SourceDate "2022.05.31"]
[SourceVersion "1"]
[SourceVersionDate "2022.05.31"]
[SourceQuality "1"]

1. e4 c5 2. Nf3 d6 3. d4 cxd4 4. Qxd4 Nc6 5. Bb5 Bd7 6. Bxc6 Bxc6 7. Nc3 Nf6 8. Bg5 e6 9. 0-0-0 Be7 10. Kb1 0-0 11. Rhe1 1/2-1/2

[Event "New York Spring IM-D"]
[Site "New York"]
[Date "2022.04.17"]
[Round "7"]
[White "Jacobson, Aaron"]
[Black "Csonka, Attila Istvan"]
[Result "1-0"]
[WhiteElo "2263"]
[BlackElo "2339"]
[PlyCount "81"]
[EventDate "2022.04.14"]
[EventType "tourn"]
[EventRounds "9"]
[EventCountry "USA"]
[SourceTitle "CBM 207 Extra"]
[Source "ChessBase"]
[SourceDate "2022.05.31"]
[SourceVersion "1"]
[SourceVersionDate "2022.05.31"]
[SourceQuality "1"]

1. d4 Nf6 2. c4 e6 3. Nf3 b6 4. g3 Ba6 5. Qc2 Bb4+ 6. Bd2 Be7 7. e4 d5 8. cxd5 Bxf1 9. Kxf1 exd5 10. e5 Ne4 11. Nc3 Nxc3 12. bxc3 0-0 13. h4 c5 14. Ng5 Bxg5 15. hxg5 g6 16. Kg2 Re8 17. Rh6 Nd7 18. g4 Nf8 19. Qd3 cxd4 20. cxd4 Qc8 21. Qh3 Qc2 22. Rh1 Qe4+ 23. f3 Qxd4 24. Rxh7 Qxd2+ 25. Kg3 Nxh7 26. Qxh7+ Kf8 27. Qh8+ Ke7 28. Qf6+ Kd7 29. Qd6+ Kc8 30. Qc6+ Kb8 31. Qxe8+ Kb7 32. Qxf7+ Ka6 33. Qf4 Qxa2 34. e6 Qc4 35. Qe5 Re8 36. Qa1+ Kb7 37. Rh7+ Kc6 38. Qxa7 Kb5 39. Rh1 Kc5 40. Qa3+ Kd4 41. Rd1+ 1-0

[Event "AUT-chT 2122"]
[Site "Austria"]
[Date "2022.03.26"]
[Round "7.1"]
[White "Novkovic, Milan"]
[Black "Csonka, Attila Istvan"]
[Result "1/2-1/2"]
[WhiteElo "2355"]
[BlackElo "2357"]
[PlyCount "61"]
[EventDate "2021.11.04"]
[EventType "team-tourn"]
[EventRounds "11"]
[EventCountry "AUT"]
[SourceTitle "EXT 2023"]
[Source "ChessBase"]
[SourceDate "2022.10.05"]
[SourceVersion "1"]
[SourceVersionDate "2022.10.05"]
[SourceQuality "1"]
[WhiteTeam "Hohenems"]
[BlackTeam "Fuerstenfeld/Hartberg"]
[WhiteTeamCountry "AUT"]
[BlackTeamCountry "AUT"]

1. d4 Nf6 2. c4 e6 3. Nf3 b6 4. e3 Bb7 5. Bd3 d5 6. 0-0 Be7 7. Nc3 0-0 8. b3 dxc4 9. Bxc4 c5 10. dxc5 Bxc5 11. Bb2 Qxd1 12. Rfxd1 Nc6 13. Kf1 Rfd8 14. h3 Kf8 15. Be2 Ke7 16. Ng5 Rxd1+ 17. Rxd1 Rd8 18. Rxd8 Nxd8 19. Bf3 Bxf3 20. Nxf3 Nc6 21. Ke2 h6 22. Nd2 Bb4 23. Nde4 Nxe4 24. Nxe4 f5 25. Nd2 Bxd2 26. Kxd2 e5 27. f3 Ke6 28. e4 fxe4 29. fxe4 b5 30. Bc3 a6 31. Ke3 1/2-1/2